00559nam a2200145 a 450000100100000000500170001000800410002704000250006824500960009326000730018930000200026204900090028295201050029199900170039600002804920200930031316.0110406s1936 dr 000 0 spa d aDO-SdBNPbspacBNPHU00abases y reglamentos de la sociedad dominicana de estudios e investigaciones históricas /. aCiudad Trujillo, República Dominicana :bEditorial Caribes,c1936. a15 p. ;c22 cm. aBNPD 0010718PDaPDbPDcCTd2011-04-06iLF1l0o p28049-10r2020-06-25w2020-06-25yLFPDZNo se presta c27541d27541